[Event "CHN-chT DivA"]
[Site "Fuling"]
[Date "2023.06.11"]
[Round "6.5"]
[White "Xu, Xiangyu"]
[Black "Ni, Hua"]
[Result "1/2-1/2"]
[WhiteElo "2603"]
[BlackElo "2669"]
[PlyCount "75"]
[EventDate "2023.06.05"]
[EventType "team-tourn"]
[EventRounds "11"]
[EventCountry "CHN"]
[SourceTitle "CBM 214 Extra"]
[Source "ChessBase"]
[SourceDate "2023.07.31"]
[SourceVersion "1"]
[SourceVersionDate "2023.07.31"]
[SourceQuality "1"]
[WhiteTeam "Chengdu"]
[BlackTeam "Shanghai"]
[WhiteTeamCountry "CHN"]
[BlackTeamCountry "CHN"]

1. d4 d5 2. c4 e6 3. Nc3 c5 4. cxd5 exd5 5. Nf3 Nc6 6. g3 Nf6 7. Bg2 cxd4 8. Nxd4 Bc5 9. Nb3 Bb6 10. 0-0 d4 11. Na4 0-0 12. Bg5 h6 13. Bxf6 Qxf6 14. Nxb6 axb6 15. Bxc6 bxc6 16. Qxd4 Rd8 17. Qxf6 gxf6 18. Rfd1 Rxd1+ 19. Rxd1 Be6 20. Nc1 Bxa2 21. Nxa2 Rxa2 22. Rd6 Kg7 23. Rxc6 Rxb2 24. Kg2 Rxe2 25. Rxb6 Ra2 26. h3 Ra3 27. g4 Rc3 28. h4 Ra3 29. Rb5 Rc3 30. f4 Ra3 31. h5 Rc3 32. g5 fxg5 33. fxg5 hxg5 34. Rxg5+ Kh6 35. Rf5 Ra3 36. Rxf7 Kxh5 37. Rf3 Rxf3 38. Kxf3 1/2-1/2

[Event "CHN-chT DivA"]
[Site "Fuling"]
[Date "2023.06.08"]
[Round "4.4"]
[White "Wen, Yang"]
[Black "Ni, Hua"]
[Result "1/2-1/2"]
[WhiteElo "2581"]
[BlackElo "2669"]
[PlyCount "62"]
[EventDate "2023.06.05"]
[EventType "team-tourn"]
[EventRounds "11"]
[EventCountry "CHN"]
[SourceTitle "CBM 214 Extra"]
[Source "ChessBase"]
[SourceDate "2023.07.31"]
[SourceVersion "1"]
[SourceVersionDate "2023.07.31"]
[SourceQuality "1"]
[WhiteTeam "Hangzhou Bank"]
[BlackTeam "Shanghai"]
[WhiteTeamCountry "CHN"]
[BlackTeamCountry "CHN"]

1. e4 e5 2. Nf3 Nf6 3. Nxe5 d6 4. Nf3 Nxe4 5. Nc3 Nxc3 6. dxc3 Be7 7. Be3 Nc6 8. Qd2 Be6 9. 0-0-0 Qd7 10. Kb1 Bf6 11. h4 h6 12. Nd4 Nxd4 13. Bxd4 Bxd4 14. Qxd4 0-0 15. a3 Qc6 16. Rg1 Qc5 17. Bd3 Qxd4 18. cxd4 Rfe8 19. Rde1 Bd7 20. Kc1 Rxe1+ 21. Rxe1 Re8 22. Rxe8+ Bxe8 23. Kd2 Kf8 24. Ke3 Ke7 25. Be4 b6 26. g3 g5 27. hxg5 hxg5 28. c3 Bd7 29. Bd3 c5 30. Be2 Bc6 31. Bd3 Bd7 1/2-1/2

[Event "CHN-chT DivA"]
[Site "Fuling"]
[Date "2023.06.07"]
[Round "3.4"]
[White "Ni, Hua"]
[Black "Li, Chao B"]
[Result "1/2-1/2"]
[WhiteElo "2669"]
[BlackElo "2658"]
[PlyCount "63"]
[EventDate "2023.06.05"]
[EventType "team-tourn"]
[EventRounds "11"]
[EventCountry "CHN"]
[SourceTitle "CBM 214 Extra"]
[Source "ChessBase"]
[SourceDate "2023.07.31"]
[SourceVersion "1"]
[SourceVersionDate "2023.07.31"]
[SourceQuality "1"]
[WhiteTeam "Shanghai"]
[BlackTeam "Beijing"]
[WhiteTeamCountry "CHN"]
[BlackTeamCountry "CHN"]

1. Nf3 Nf6 2. g3 g6 3. Bg2 Bg7 4. 0-0 0-0 5. d4 d5 6. c4 dxc4 7. Na3 c5 8. Nxc4 Be6 9. Nce5 cxd4 10. Qxd4 Qxd4 11. Nxd4 Bd5 12. Rd1 Bxg2 13. Kxg2 Rd8 14. Bf4 Nbd7 15. Ndf3 Nxe5 16. Bxe5 Ne8 17. Rac1 Bxe5 18. Nxe5 f6 19. Rxd8 Rxd8 20. Nd3 Kf7 21. f4 Rd7 22. Kf3 h5 23. h3 Rc7 24. Rxc7 Nxc7 25. g4 hxg4+ 26. hxg4 b6 27. Ke4 Ke6 28. Kd4 Nb5+ 29. Kc4 Nd6+ 30. Kd4 Nb5+ 31. Kc4 Nd6+ 32. Kd4 1/2-1/2

[Event "CHN-chT Div A KO"]
[Site "Liaocheng"]
[Date "2023.02.09"]
[Round "4.2"]
[White "Bu, Xiangzhi"]
[Black "Ni, Hua"]
[Result "1/2-1/2"]
[WhiteElo "2698"]
[BlackElo "2667"]
[PlyCount "61"]
[EventDate "2023.02.06"]
[EventType "team-k.o."]
[EventRounds "6"]
[EventCountry "CHN"]
[SourceTitle "CBM 212 Extra"]
[Source "ChessBase"]
[SourceDate "2023.03.31"]
[SourceVersion "1"]
[SourceVersionDate "2023.03.31"]
[SourceQuality "1"]
[WhiteTeam "Chongqing Ticai"]
[BlackTeam "Shanghai"]
[WhiteTeamCountry "CHN"]
[BlackTeamCountry "CHN"]

1. Nf3 Nf6 2. c4 e6 3. Nc3 d5 4. d4 Be7 5. Bg5 h6 6. Bh4 0-0 7. e3 Nbd7 8. Rc1 c5 9. cxd5 Nxd5 10. Bxe7 Nxe7 11. Be2 cxd4 12. Nxd4 Nf6 13. 0-0 Bd7 14. Bf3 Qb6 15. Qb3 Qxb3 16. Nxb3 Bc6 17. Bxc6 Nxc6 18. Rfd1 Rfd8 19. Kf1 Kf8 20. Ke2 Rxd1 21. Rxd1 Ke7 22. Nd4 Rc8 23. Nxc6+ Rxc6 24. f3 Nd7 25. Rd4 a6 26. f4 Rb6 27. Rd2 Rc6 28. Rd4 Rb6 29. Rd2 Rc6 30. Rd4 Rb6 31. Rd2 1/2-1/2

[Event "Yinzhou Cup"]
[Site "Chess.com INT"]
[Date "2022.12.25"]
[Round "3"]
[White "Li, Chao B"]
[Black "Ni, Hua"]
[Result "1/2-1/2"]
[WhiteElo "2672"]
[BlackElo "2667"]
[PlyCount "53"]
[EventDate "2022.12.25"]
[EventType "tourn (rapid)"]
[EventRounds "6"]
[EventCountry "CHN"]
[EventCategory "19"]
[SourceTitle "CBM 211 Extra"]
[Source "ChessBase"]
[SourceDate "2023.01.31"]
[SourceVersion "1"]
[SourceVersionDate "2023.01.31"]
[SourceQuality "1"]

1. e4 e5 2. Nf3 Nf6 3. Nxe5 d6 4. Nf3 Nxe4 5. Nc3 Nxc3 6. dxc3 Be7 7. Be3 Nc6 8. Qd2 Be6 9. 0-0-0 Qd7 10. a3 Bf6 11. h4 h6 12. Nd4 Bxd4 13. cxd4 d5 14. f3 h5 15. Bf2 0-0-0 16. Re1 Bf5 17. Bd3 Rde8 18. Bxf5 Qxf5 19. Rxe8+ Rxe8 20. Re1 Rxe1+ 21. Qxe1 Kd7 22. Qe3 f6 23. b3 Kd8 24. Kb2 Kd7 25. Kc1 Kd8 26. Kb2 Kd7 27. Kc1 1/2-1/2

[Event "CHN-chT Div-A"]
[Site "Fuling"]
[Date "2022.09.18"]
[Round "10.1"]
[White "Ni, Hua"]
[Black "Li, Di"]
[Result "1-0"]
[WhiteElo "2668"]
[BlackElo "2575"]
[PlyCount "83"]
[EventDate "2022.09.06"]
[EventType "team-tourn"]
[EventRounds "11"]
[EventCountry "CHN"]
[SourceTitle "CBM 210 Extra"]
[Source "ChessBase"]
[SourceDate "2022.11.30"]
[SourceVersion "1"]
[SourceVersionDate "2022.11.30"]
[SourceQuality "1"]
[WhiteTeam "Shanghai"]
[BlackTeam "Chengdu"]
[WhiteTeamCountry "CHN"]
[BlackTeamCountry "CHN"]

1. d4 Nf6 2. c4 e6 3. g3 d5 4. Bg2 Nbd7 5. Qc2 Bb4+ 6. Bd2 Be7 7. Nf3 0-0 8. 0-0 c6 9. Rc1 a5 10. a4 h6 11. Na3 Ne4 12. Be3 Qe8 13. Ne5 Nd6 14. Bf4 g5 15. Bd2 Nf5 16. e3 f6 17. Nd3 Nd6 18. b4 axb4 19. Bxb4 Kg7 20. Re1 f5 21. Nc5 Nf6 22. Nd3 h5 23. Ne5 Rh8 24. h3 h4 25. g4 fxg4 26. hxg4 h3 27. Bf3 Rh6 28. Kh2 Nxc4 29. Bxe7 Nxe5 30. dxe5 Qxe7 31. exf6+ Qxf6 32. Qe2 Rxa4 33. Nc2 Rxa1 34. Rxa1 e5 35. Rg1 Qf8 36. Rg3 Rf6 37. e4 d4 38. Ne1 c5 39. Qd2 Kg6 40. Nd3 Qe7 41. Qa2 Rf7 42. Qd5 1-0

[Event "CHN-chT Div-A"]
[Site "Fuling"]
[Date "2022.09.14"]
[Round "7.1"]
[White "Li, Chao B"]
[Black "Ni, Hua"]
[Result "1/2-1/2"]
[WhiteElo "2679"]
[BlackElo "2668"]
[PlyCount "30"]
[EventDate "2022.09.06"]
[EventType "team-tourn"]
[EventRounds "11"]
[EventCountry "CHN"]
[SourceTitle "CBM 210 Extra"]
[Source "ChessBase"]
[SourceDate "2022.11.30"]
[SourceVersion "1"]
[SourceVersionDate "2022.11.30"]
[SourceQuality "1"]
[WhiteTeam "Beijing"]
[BlackTeam "Shanghai"]
[WhiteTeamCountry "CHN"]
[BlackTeamCountry "CHN"]

1. e4 e5 2. Nf3 Nc6 3. Bb5 Nf6 4. 0-0 Nxe4 5. d4 Nd6 6. Bxc6 dxc6 7. dxe5 Nf5 8. Qxd8+ Kxd8 9. h3 Ke8 10. Nc3 h5 11. Rd1 Be7 12. Ne2 Be6 13. Nf4 Bc8 14. Ne2 Be6 15. Nf4 Bc8 1/2-1/2

[Event "CHN-chT"]
[Site "China"]
[Date "2019.12.06"]
[Round "21.1"]
[White "Ni, Hua"]
[Black "Naiditsch, Arkadij"]
[Result "1/2-1/2"]
[WhiteElo "2669"]
[BlackElo "2617"]
[PlyCount "63"]
[EventDate "2019.04.09"]
[EventType "team-tourn"]
[EventRounds "22"]
[EventCountry "CHN"]
[SourceTitle "CBM 195 Extra"]
[Source "ChessBase"]
[SourceDate "2020.05.31"]
[SourceVersion "1"]
[SourceVersionDate "2020.05.31"]
[SourceQuality "1"]
[WhiteTeam "Shanghai China Mobil"]
[BlackTeam "Chongqing Jiulongpo Yucai"]
[WhiteTeamCountry "CHN"]
[BlackTeamCountry "CHN"]

1. d4 Nf6 2. c4 e6 3. Nf3 d5 4. g3 dxc4 5. Bg2 c5 6. 0-0 Nc6 7. dxc5 Qxd1 8. Rxd1 Bxc5 9. Nbd2 c3 10. bxc3 0-0 11. Nb3 Be7 12. Nfd4 Bd7 13. Bg5 Rac8 14. Nf5 exf5 15. Bxf6 Bxf6 16. Rxd7 b6 17. Nd4 Nxd4 18. cxd4 Rfd8 19. Rxd8+ Bxd8 20. e3 Be7 21. a4 Rc3 22. Bd5 g5 23. Kg2 Kg7 24. Rb1 f4 25. gxf4 gxf4 26. Kf3 fxe3 27. fxe3 Bg5 28. Rb3 Rxb3 29. Bxb3 f5 30. Bc2 Kf6 31. e4 fxe4+ 32. Bxe4 1/2-1/2

[Event "CHN-chT"]
[Site "China"]
[Date "2019.11.23"]
[Round "18.6"]
[White "Wang, Yue"]
[Black "Ni, Hua"]
[Result "1/2-1/2"]
[WhiteElo "2674"]
[BlackElo "2669"]
[PlyCount "60"]
[EventDate "2019.04.09"]
[EventType "team-tourn"]
[EventRounds "22"]
[EventCountry "CHN"]
[SourceTitle "CBM 195 Extra"]
[Source "ChessBase"]
[SourceDate "2020.05.31"]
[SourceVersion "1"]
[SourceVersionDate "2020.05.31"]
[SourceQuality "1"]
[WhiteTeam "Tianjin"]
[BlackTeam "Shanghai China Mobil"]
[WhiteTeamCountry "CHN"]
[BlackTeamCountry "CHN"]

1. e4 e5 2. Nf3 Nc6 3. Bb5 a6 4. Ba4 Nf6 5. 0-0 Be7 6. d3 b5 7. Bb3 d6 8. a3 0-0 9. Nc3 Bg4 10. Be3 Nd4 11. Bxd4 exd4 12. Nd5 Nxd5 13. Bxd5 Rb8 14. h3 Bd7 15. Re1 Bf6 16. Qd2 c6 17. Bb3 Qe7 18. a4 b4 19. Qf4 Be5 20. Nxe5 Qxe5 21. Qxe5 dxe5 22. Rf1 Be6 23. Bxe6 fxe6 24. b3 g5 25. f3 Kg7 26. g3 Rf6 27. Kg2 Rbf8 28. Rf2 h5 29. Rh1 h4 30. g4 a5 1/2-1/2

[Event "CHN-chT"]
[Site "China"]
[Date "2019.08.21"]
[Round "13.3"]
[White "Rapport, Richard"]
[Black "Ni, Hua"]
[Result "1/2-1/2"]
[WhiteElo "2747"]
[BlackElo "2674"]
[PlyCount "82"]
[EventDate "2019.04.09"]
[EventType "team-tourn"]
[EventRounds "22"]
[EventCountry "CHN"]
[SourceTitle "EXT 2020"]
[Source "ChessBase"]
[SourceDate "2019.10.17"]
[SourceVersion "1"]
[SourceVersionDate "2019.10.17"]
[SourceQuality "1"]
[WhiteTeam "Chengdu Beilei Youth"]
[BlackTeam "Shanghai China Mobil"]
[WhiteTeamCountry "CHN"]
[BlackTeamCountry "CHN"]

1. c4 e6 2. g3 d5 3. Bg2 Nf6 4. Nf3 d4 5. d3 Nc6 6. 0-0 Be7 7. e3 0-0 8. exd4 Nxd4 9. Nc3 Nxf3+ 10. Bxf3 Rb8 11. Bf4 a6 12. Qb3 Bd6 13. Be3 e5 14. c5 Be7 15. Rad1 Be6 16. Qc2 Bf5 17. b4 c6 18. Rfe1 Qc7 19. Qe2 Rbd8 20. Bg5 a5 21. a3 axb4 22. axb4 Be6 23. Qxe5 Qxe5 24. Rxe5 Rd4 25. b5 Nd7 26. Re4 Bxc5 27. bxc6 bxc6 28. Rxd4 Bxd4 29. Ne2 c5 30. Nxd4 cxd4 31. Bf4 Rc8 32. Ra1 Nc5 33. Be2 h6 34. Ra3 Nb3 35. h4 Bd5 36. h5 Rc3 37. Ra4 Nc1 38. Bf1 Bf3 39. Rxd4 Ne2+ 40. Bxe2 Bxe2 41. Rd5 Rxd3 1/2-1/2

[Event "Abu Dhabi op 26th"]
[Site "Abu Dhabi"]
[Date "2019.08.07"]
[Round "6"]
[White "Ni, Hua"]
[Black "Tabatabaei, Mohammad Amin"]
[Result "1-0"]
[WhiteElo "2668"]
[BlackElo "2601"]
[PlyCount "91"]
[EventDate "2019.08.02"]
[EventType "swiss"]
[EventRounds "9"]
[EventCountry "UAE"]
[SourceTitle "CBM 191 Extra"]
[Source "ChessBase"]
[SourceDate "2019.09.30"]
[SourceVersion "1"]
[SourceVersionDate "2019.09.30"]
[SourceQuality "1"]

1. d4 Nf6 2. c4 e6 3. g3 d5 4. Bg2 Be7 5. Nf3 0-0 6. Nc3 dxc4 7. Ne5 c5 8. dxc5 Qxd1+ 9. Nxd1 Bxc5 10. 0-0 Nc6 11. Bxc6 bxc6 12. Be3 Bxe3 13. Nxe3 c3 14. bxc3 Nd5 15. c4 Nxe3 16. fxe3 Ba6 17. Rac1 c5 18. Rfd1 Rfd8 19. Rd3 Rac8 20. Rcc3 f6 21. Ra3 Rxd3 22. exd3 fxe5 23. Rxa6 Rd8 24. Rxe6 Rxd3 25. Rxe5 Rd1+ 26. Kg2 Rd2+ 27. Kh3 Rxa2 28. Rxc5 a5 29. Kg4 a4 30. Ra5 Rxh2 31. Rxa4 h5+ 32. Kf5 Kh7 33. e4 Rf2+ 34. Ke6 Rc2 35. e5 Rc3 36. Kd6 Rd3+ 37. Ke7 Rxg3 38. c5 Rc3 39. Kd6 Kg6 40. c6 Rd3+ 41. Kc5 Rd8 42. c7 Rc8 43. Kd6 Kf5 44. Rc4 h4 45. Rxh4 g5 46. Rh1 1-0

[Event "Abu Dhabi op 26th"]
[Site "Abu Dhabi"]
[Date "2019.08.05"]
[Round "5"]
[White "Petrosyan, Manuel"]
[Black "Ni, Hua"]
[Result "1/2-1/2"]
[WhiteElo "2592"]
[BlackElo "2668"]
[PlyCount "115"]
[EventDate "2019.08.02"]
[EventType "swiss"]
[EventRounds "9"]
[EventCountry "UAE"]
[SourceTitle "CBM 191 Extra"]
[Source "ChessBase"]
[SourceDate "2019.09.30"]
[SourceVersion "1"]
[SourceVersionDate "2019.09.30"]
[SourceQuality "1"]

1. d4 d5 2. Nf3 Nf6 3. c4 c6 4. e3 g6 5. Nbd2 Bg7 6. Be2 0-0 7. 0-0 Bf5 8. b4 Nbd7 9. a4 a5 10. b5 c5 11. Bb2 dxc4 12. Nxc4 Be6 13. Rc1 Rc8 14. dxc5 Rxc5 15. Ba3 Rc8 16. Nd4 Bd5 17. Nb3 Bxc4 18. Bxc4 Re8 19. b6 Qxb6 20. Bb5 Bf8 21. Qd2 e5 22. Bxf8 Rxf8 23. Qxa5 Qd6 24. Rcd1 Qa3 25. Nd2 Qc5 26. Nc4 Ra8 27. Qd2 Nb6 28. Nxb6 Qxb6 29. Qc3 e4 30. Rd4 Rac8 31. Qb2 Rfd8 32. Rfd1 Rxd4 33. Rxd4 Qa5 34. Rd1 Qc3 35. Qxc3 Rxc3 36. h3 Kf8 37. g4 g5 38. Rd8+ Kg7 39. Kg2 Rc7 40. Rd4 Re7 41. Be2 Rd7 42. Rb4 Nd5 43. Rxe4 Nc3 44. Bb5 Nxb5 45. axb5 Rd5 46. Rb4 b6 47. f4 h5 48. Kf3 hxg4+ 49. hxg4 gxf4 50. exf4 Kg6 51. Ke4 Rc5 52. Rb1 f5+ 53. gxf5+ Kf6 54. Rd1 Rxb5 55. Rd6+ Kf7 56. Rc6 Rb4+ 57. Kf3 Rb1 58. Ke4 1/2-1/2

[Event "Abu Dhabi op 26th"]
[Site "Abu Dhabi"]
[Date "2019.08.03"]
[Round "2"]
[White "Ni, Hua"]
[Black "Srijit, Paul"]
[Result "1-0"]
[WhiteElo "2668"]
[BlackElo "2304"]
[PlyCount "43"]
[EventDate "2019.08.02"]
[EventType "swiss"]
[EventRounds "9"]
[EventCountry "UAE"]
[SourceTitle "CBM 191 Extra"]
[Source "ChessBase"]
[SourceDate "2019.09.30"]
[SourceVersion "1"]
[SourceVersionDate "2019.09.30"]
[SourceQuality "1"]

1. d4 f5 2. Bf4 Nf6 3. e3 e6 4. Be2 b6 5. Nh3 Bb7 6. 0-0 Be7 7. c4 0-0 8. Nc3 Ne4 9. Nxe4 Bxe4 10. d5 g5 11. Bg3 g4 12. f3 gxh3 13. fxe4 Bc5 14. exf5 Bxe3+ 15. Kh1 exf5 16. Bd3 hxg2+ 17. Kxg2 Qg5 18. h4 Qg7 19. Bxf5 Na6 20. Qh5 Qxb2+ 21. Kh3 Rf7 22. Be6 1-0

[Event "CHN-chT"]
[Site "China"]
[Date "2019.07.24"]
[Round "8.2"]
[White "Ma, Qun"]
[Black "Ni, Hua"]
[Result "1/2-1/2"]
[WhiteElo "2630"]
[BlackElo "2674"]
[PlyCount "45"]
[EventDate "2019.04.09"]
[EventType "team-tourn"]
[EventRounds "22"]
[EventCountry "CHN"]
[SourceTitle "EXT 2020"]
[Source "ChessBase"]
[SourceDate "2019.10.17"]
[SourceVersion "1"]
[SourceVersionDate "2019.10.17"]
[SourceQuality "1"]
[WhiteTeam "Hangzhou Bank"]
[BlackTeam "Shanghai China Mobil"]
[WhiteTeamCountry "CHN"]
[BlackTeamCountry "CHN"]

1. Nf3 Nf6 2. c4 e6 3. Nc3 d5 4. d4 Bb4 5. Bg5 h6 6. Bxf6 Qxf6 7. Qa4+ Nc6 8. e3 0-0 9. Be2 Bd7 10. Qb3 dxc4 11. Qxc4 Qg6 12. 0-0 Bd6 13. Rfd1 Na5 14. Qd3 Qxd3 15. Bxd3 Rfd8 16. Rac1 Rac8 17. Ne4 Be8 18. Kf1 Be7 19. Ke2 Ba4 20. Re1 Be8 21. Red1 Ba4 22. Re1 Be8 23. Red1 1/2-1/2

[Event "CHN-chT"]
[Site "China"]
[Date "2019.05.07"]
[Round "5.27"]
[White "Lin, Yi1"]
[Black "Ni, Hua"]
[Result "1/2-1/2"]
[WhiteElo "2383"]
[BlackElo "2674"]
[PlyCount "75"]
[EventDate "2019.04.09"]
[EventType "team-tourn"]
[EventRounds "22"]
[EventCountry "CHN"]
[SourceTitle "CBM 190 Extra"]
[Source "ChessBase"]
[SourceDate "2019.07.15"]
[SourceVersion "1"]
[SourceVersionDate "2019.07.15"]
[SourceQuality "1"]
[WhiteTeam "Hangzhou Hongda"]
[BlackTeam "Shanghai China Mobil"]
[WhiteTeamCountry "CHN"]
[BlackTeamCountry "CHN"]

1. d4 d6 2. Nf3 g6 3. g3 Nf6 4. Bg2 Bg7 5. 0-0 0-0 6. b3 b5 7. Ne1 c6 8. a4 b4 9. a5 Qc7 10. Bb2 Na6 11. Nd2 Rb8 12. Nd3 Rb5 13. Nc4 d5 14. Nce5 Ne4 15. e3 f6 16. Nf3 Rxa5 17. Qe2 Rd8 18. Rxa5 Qxa5 19. Ra1 Qb6 20. Nd2 f5 21. Qe1 c5 22. Nxe4 dxe4 23. dxc5 Qb8 24. Bxg7 Kxg7 25. Rxa6 exd3 26. Qa1+ Kh6 27. cxd3 Bxa6 28. Qxa6 Qc7 29. d4 Kg7 30. Bb7 e5 31. dxe5 Qxe5 32. Qxa7 Rd1+ 33. Kg2 Qa1 34. Ba6+ Kh6 35. Qe7 Rg1+ 36. Kh3 Qxa6 37. Qh4+ Kg7 38. Qe7+ 1/2-1/2

[Event "WchT 12th"]
[Site "Astana"]
[Date "2019.03.14"]
[Round "9.12"]
[White "Ni, Hua"]
[Black "Makhnev, Denis"]
[Result "1/2-1/2"]
[WhiteElo "2683"]
[BlackElo "2476"]
[PlyCount "197"]
[EventDate "2019.03.05"]
[EventType "team-tourn"]
[EventRounds "9"]
[EventCountry "KAZ"]
[SourceTitle "CBM 189"]
[Source "ChessBase"]
[SourceDate "2019.04.29"]
[SourceVersion "1"]
[SourceVersionDate "2019.04.29"]
[SourceQuality "1"]
[WhiteTeam "China"]
[BlackTeam "Kazakhstan"]
[WhiteTeamCountry "CHN"]
[BlackTeamCountry "KAZ"]

1. e4 e5 2. Nf3 Nc6 3. Bb5 Nf6 4. d3 Bc5 5. Bxc6 dxc6 6. Nbd2 Be6 7. Qe2 Nd7 8. Nb3 Bd6 9. Ng5 Nf8 10. 0-0 h6 11. Nxe6 Nxe6 12. Be3 c5 13. Na5 b6 14. Nc4 Qf6 15. a4 Rd8 16. g3 Qg6 17. Qf3 0-0 18. Qf5 Qxf5 19. exf5 Nd4 20. Bxd4 cxd4 21. Nd2 f6 22. g4 Kf7 23. Kg2 h5 24. h3 g6 25. Kf3 hxg4+ 26. hxg4 gxf5 27. gxf5 Rh8 28. Rh1 Rdg8 29. Ne4 Be7 30. Rxh8 Rxh8 31. a5 b5 32. a6 c6 33. Rg1 Rb8 34. Rh1 Kg7 35. Ng3 Rb6 36. Ra1 Kf7 37. Ke4 Bd6 38. Nh5 c5 39. b3 c4 40. bxc4 bxc4 41. dxc4 Rb2 42. Kd5 Be7 43. Rg1 Ra2 44. Rg7+ Kf8 45. Rh7 Ra5+ 46. Ke6 Rxa6+ 47. Kd7 Rd6+ 48. Kc7 Rb6 49. Rh8+ Kf7 50. Rh7+ Kf8 51. Rh8+ Kf7 52. Ng3 Rb4 53. Kd7 Rb7+ 54. Kc6 Rb6+ 55. Kd5 Rd6+ 56. Ke4 Ra6 57. Rb8 Ra3 58. Kd5 d3 59. cxd3 Rxd3+ 60. Kc6 Rd6+ 61. Kb5 a6+ 62. Ka5 Rc6 63. Rb7 Rxc4 64. Kxa6 Rf4 65. Kb5 Ke8 66. Kc6 Rxf2 67. Rb8+ Kf7 68. Rb7 Rf4 69. Ra7 Rg4 70. Nf1 Rc4+ 71. Kd5 Rd4+ 72. Kc6 Rd6+ 73. Kb5 Rd3 74. Nh2 Rd4 75. Ra4 Rd1 76. Ng4 Rd3 77. Kc4 Rd4+ 78. Kb3 Rd7 79. Kc2 Rd6 80. Nf2 Rd7 81. Ng4 Bd8 82. Nf2 Kg7 83. Rg4+ Kf7 84. Ra4 Kg7 85. Rg4+ Kf8 86. Ra4 Rh7 87. Ra8 Rc7+ 88. Kd3 Ke7 89. Ne4 Rd7+ 90. Ke2 Rd4 91. Ra7+ Ke8 92. Kf3 Rd3+ 93. Ke2 Rd4 94. Kf3 Be7 95. Ra6 Kf7 96. Ra7 Kf8 97. Ra6 Kf7 98. Ra7 Kf8 99. Ra6 1/2-1/2

[Event "WchT 12th"]
[Site "Astana"]
[Date "2019.03.11"]
[Round "6.20"]
[White "Ni, Hua"]
[Black "Abdelnabbi, Imed"]
[Result "1-0"]
[WhiteElo "2683"]
[BlackElo "2435"]
[PlyCount "138"]
[EventDate "2019.03.05"]
[EventType "team-tourn"]
[EventRounds "9"]
[EventCountry "KAZ"]
[SourceTitle "CBM 189"]
[Source "ChessBase"]
[SourceDate "2019.04.29"]
[SourceVersion "1"]
[SourceVersionDate "2019.04.29"]
[SourceQuality "1"]
[WhiteTeam "China"]
[BlackTeam "Egypt"]
[WhiteTeamCountry "CHN"]
[BlackTeamCountry "EGY"]

1. e4 e5 2. Nf3 Nc6 3. Bb5 a6 4. Ba4 Nf6 5. 0-0 Be7 6. d3 d6 7. c3 0-0 8. Re1 b5 9. Bc2 Re8 10. a4 Bb7 11. Nbd2 Bf8 12. b4 Ne7 13. Nb3 Rb8 14. d4 exd4 15. cxd4 Ng6 16. Na5 d5 17. e5 Bxb4 18. Nxb7 Rxb7 19. exf6 Bxe1 20. Nxe1 Qxf6 21. Be3 Ne7 22. Nf3 Nf5 23. Bg5 Qe6 24. Bf4 g6 25. h4 Nd6 26. Ne5 Ne4 27. Qf3 f6 28. Nd3 c6 29. a5 b4 30. Nc5 Nxc5 31. dxc5 b3 32. Bxb3 Qe4 33. Ba4 Qd4 34. Bxc6 Qxa1+ 35. Kh2 Rbe7 36. Qxd5+ Kh8 37. Bxe8 Rxe8 38. c6 Qa4 39. Qd6 Qxa5 40. Qxf6+ Kg8 41. c7 Qf5 42. Qd4 Kf7 43. Bg5 Rc8 44. Qd6 Qe6 45. Qc5 Ke8 46. Bf4 Kd7 47. f3 h5 48. Bg3 Qc6 49. Qd4+ Ke6 50. Qd8 Qe8 51. Qd6+ Kf7 52. Qxa6 Qe6 53. Qd3 Qe7 54. Qd2 Qe6 55. Qd8 Qe8 56. Qg5 Qe6 57. Be5 Ke8 58. Kg3 Kd7 59. Qd2+ Kc6 60. Qc2+ Kb7 61. Qe4+ Qc6 62. Qb4+ Ka6 63. Qa3+ Kb7 64. Qb4+ Ka6 65. Kf4 Qc1+ 66. Ke4 Qc2+ 67. Kd5 Qf5 68. Qa4+ Kb6 69. Qb3+ Ka5 1-0

[Event "Asian Continental op 17th"]
[Site "Makati"]
[Date "2018.12.16"]
[Round "7"]
[White "Ni, Hua"]
[Black "Maghsoodloo, Parham"]
[Result "0-1"]
[WhiteElo "2683"]
[BlackElo "2688"]
[PlyCount "98"]
[EventDate "2018.12.10"]
[EventType "swiss"]
[EventRounds "9"]
[EventCountry "PHI"]
[SourceTitle "CBM 187 Extra"]
[Source "ChessBase"]
[SourceDate "2018.11.04"]
[SourceVersion "1"]
[SourceVersionDate "2018.11.04"]
[SourceQuality "1"]

1. d4 Nf6 2. c4 e6 3. g3 c5 4. d5 exd5 5. cxd5 d6 6. Nc3 g6 7. Nf3 Bg7 8. Bg2 0-0 9. 0-0 Re8 10. Re1 a6 11. a4 b6 12. h3 Nbd7 13. e4 Qc7 14. Bd2 h6 15. Rb1 Rb8 16. Bf1 g5 17. Qc2 Nf8 18. b4 Ng6 19. b5 a5 20. Bg2 Bd7 21. Nd1 Qc8 22. g4 h5 23. Nxg5 hxg4 24. hxg4 Nxg4 25. Ne3 Qd8 26. Nxg4 Bxg4 27. Rb3 Be5 28. Nf3 Bxf3 29. Rxf3 Kg7 30. Qc1 Rh8 31. Ree3 Qe7 32. Rf5 Rbg8 33. Kf1 Nh4 34. Rxe5 dxe5 35. Rg3+ Ng6 36. f4 exf4 37. Bxf4 Kf8 38. Bd2 Nh4 39. Bh6+ Ke8 40. Qf4 Rxg3 41. Qb8+ Qd8 42. Qe5+ Kd7 43. Bf4 Rh6 44. Bxh6 Rxg2 45. Bf4 Rg6 46. Ke2 c4 47. Bg3 Rxg3 48. Qxg3 Ng6 49. Qh3+ Ke7 0-1

[Event "Asian Continental op 17th"]
[Site "Makati"]
[Date "2018.12.13"]
[Round "4"]
[White "Jumabayev, Rinat"]
[Black "Ni, Hua"]
[Result "1/2-1/2"]
[WhiteElo "2602"]
[BlackElo "2683"]
[PlyCount "126"]
[EventDate "2018.12.10"]
[EventType "swiss"]
[EventRounds "9"]
[EventCountry "PHI"]
[SourceTitle "CBM 187 Extra"]
[Source "ChessBase"]
[SourceDate "2018.11.04"]
[SourceVersion "1"]
[SourceVersionDate "2018.11.04"]
[SourceQuality "1"]

1. c4 e5 2. Nc3 Bb4 3. Nd5 a5 4. a3 Be7 5. e3 Nf6 6. Nxe7 Qxe7 7. b3 0-0 8. Bb2 c5 9. Ne2 d5 10. cxd5 Nxd5 11. Ng3 Nc6 12. Bb5 Rd8 13. 0-0 Nc7 14. Bxc6 bxc6 15. f4 Nd5 16. Qc2 exf4 17. exf4 Re8 18. Rac1 f6 19. h3 Qa7 20. Qxc5 Qxc5+ 21. Rxc5 a4 22. bxa4 Rxa4 23. Rxc6 Nxf4 24. Rd6 h5 25. d3 Ne2+ 26. Nxe2 Rxe2 27. Rf2 Re1+ 28. Kh2 Kf7 29. Bc3 Re6 30. Rd8 Re8 31. Rxe8 Kxe8 32. Bb4 Kf7 33. Rc2 Be6 34. Rc7+ Kg6 35. d4 Ra8 36. Kg3 Rd8 37. Re7 Bd5 38. h4 Rc8 39. Bc5 Rb8 40. Bb4 Rc8 41. Rd7 Bc6 42. Ra7 Be4 43. Kf2 Rc2+ 44. Ke3 Bxg2 45. Bf8 Bd5 46. Rxg7+ Kf5 47. Rd7 Be6 48. Rh7 Kg4 49. Be7 Rc3+ 50. Kd2 Rf3 51. Rh6 Kxh4 52. Bxf6+ Kg4 53. a4 Bf5 54. Be5 Ra3 55. Ra6 h4 56. a5 h3 57. Ra8 Be4 58. Rg8+ Kf5 59. Rf8+ Kg6 60. Rh8 Rxa5 61. Rxh3 Ra2+ 62. Kc1 Kf5 63. Rh4 Bd3 1/2-1/2